• 首页
  • 本馆介绍
  • 公告通知
  • 最新文献
  • 馆藏检索
  • 电子资源
  • 读者导购
  • 参考咨询
  • 我的图书馆
  • 登录
  • 详细信息显示
  • 放入我的书架
  • 预约/预借图书
  • 作者相关作品
  • 分类相关作品
  • 丛书相关作品
  • 出版社相关作品

书目信息

  • 表格格式
  • 工作单格式
  • 卡片格式
题名:
节日·纪念日
    
 
作者: 上海教育出版社 编
分册:  
出版信息: 上海   编者  1978
页数: 75页
开本: 19cm
丛书名:
单 册:
中图分类: K892.1
科图分类:
主题词: 节日--中国 , 纪念日--中国
电子资源:
ISBN:
000 00603nam0 2200229 45
001 0178002870
005 20060926093620.64
010    @dCNY0.18
091    @a3150.1
100    @a19950725d1978 em y0chiy0121 ea
101 0  @achi
102    @aCN@b310000
105    @ay z 000yy
200 10 @a节日·纪念日@Ajie ri·ji nian ri@f上海教育出版社编辑
210    @a上海@c编者@d1978
215    @a75页@d19cm
606    @a节日@y中国
606    @a纪念日@y中国
690    @aK892.1@v3
701  0 @a上海教育出版社@Ashang hai jiao yu chu ban she@4编
801  0 @aCN@bTSSF@c20060926
905    @a10447@dK892.1@e107
    
    节日·纪念日/上海教育出版社编辑.-上海:编者,1978
    75页;19cm
    
    
    ISBN :CNY0.18
    
●
相关链接 在E读中查询图书 在五车中查询图书 在当当中查询图书 在豆瓣中查询图书


正题名:节日·纪念日     索取号:K892.1/107         预约/预借

序号 登录号 条形码 馆藏地/架位号 状态 备注
1 0422748   204227489   密集书库/ [索取号:K892.1/107] 在馆    
唐山师范学院图书馆 欢迎您!
大连网信软件有限公司© 版权所有